Computer Systems Design and Architecture (Record no. 2736)

MARC details
000 -LEADER
fixed length control field 00488nam a22001697a 4500
005 - DATE AND TIME OF LATEST TRANSACTION
control field 20180203124352.0
008 - FIXED-LENGTH DATA ELEMENTS--GENERAL INFORMATION
fixed length control field 160615b xxu||||| |||| 00| 0 eng d
020 ## - INTERNATIONAL STANDARD BOOK NUMBER
ISBN 978-81-775-8483-7
041 ## - LANGUAGE CODE
Language code of text/sound track or separate title eng
082 ## - DEWEY DECIMAL CLASSIFICATION NUMBER
Item number 7663
Classification number 004.21
100 ## - MAIN ENTRY--AUTHOR NAME
Personal name Heuring, Vencent p. , Jorden , harry F. AND venkatesh, T.G.
245 ## - TITLE STATEMENT
Title Computer Systems Design and Architecture
260 ## - PUBLICATION, DISTRIBUTION, ETC. (IMPRINT)
Place of publication Delhi
Name of publisher pearson education
Year of publication 2009
300 ## - PHYSICAL DESCRIPTION
Number of Pages 711
650 ## - SUBJECT ADDED ENTRY--TOPICAL TERM
Topical Term Information Technology
942 ## - ADDED ENTRY ELEMENTS (KOHA)
Koha item type Books
Holdings
Lost status Damaged status Collection code Home library Current library Shelving location Date acquired Cost, normal purchase price Full call number Accession Number Koha item type
    CS/IT JRU Library JRU Library SHELF-49-B 15/06/2016 375.00 7663 7663 Books
    CS/IT JRU Library JRU Library SHELF-49-B 15/06/2016 375.00 7663 7664 Books